|
|
|
|
| LEADER |
00000cam a2200000 7i4500 |
| 001 |
0000002987 |
| 005 |
20040330.0 |
| 090 |
0 |
0 |
|a RP 581.4670913
|b NG 1984
|
| 100 |
1 |
0 |
|a NG
|h F. S. P.
|
| 245 |
1 |
0 |
|a Plant phenology in the humid tropics
|c by F. S. P. Ng
|
| 260 |
0 |
0 |
|a Kuala Lumpur :
|b Forestry Department Peninsular Malaysia ,
|c 1984
|
| 300 |
|
|
|a 95 p. :
|b ill. ;
|c 30 cm.
|
| 440 |
0 |
0 |
|a Research pamphlet ; no. 96
|
| 500 |
0 |
0 |
|a Bibliography : p. 59-60
|
| 650 |
0 |
0 |
|a Plant phenology
|z Tropics
|
| 710 |
1 |
1 |
|a Institut Penyelidikan Perhutanan Malaysia (FRIM)
|
| 998 |
|
|
|a JPSM
|
| 999 |
|
|
|a 0000005293
|b Monograph
|c Open Shelf
|e Default branch
|
| 999 |
|
|
|a 0000005294
|b Monograph
|c Open Shelf
|e Default branch
|
| 999 |
|
|
|a 0000005295
|b Monograph
|c Open Shelf
|e Default branch
|